Central Library OPAC University of Rajshahi

The structure of scientific revolutions / (Record no. 69133)

MARC details
000 -LEADER
fixed length control field 01269nam a2200301 a 4500
001 - CONTROL NUMBER
control field 69133
003 - CONTROL NUMBER IDENTIFIER
rucl marc code BD-RjUL
005 - DATE AND TIME OF LATEST TRANSACTION
control field 20211209081843.0
008 - FIXED-LENGTH DATA ELEMENTS--GENERAL INFORMATION
fixed length control field 170410s1970 ilu b 000 0 eng d
020 ## - INTERNATIONAL STANDARD BOOK NUMBER
International Standard Book Number 0226458032 (cloth)
International Standard Book Number 0226458040 (paper)
035 ## - SYSTEM CONTROL NUMBER
System control number (BD-RjUL)69344
040 ## - CATALOGING SOURCE
Original cataloging agency DLC
Transcribing agency DLC
Modifying agency IHS
-- OCL
-- m.c
-- OCL
-- YNG
-- LFM
-- BD-RjUL
-- OCL
Language of cataloging eng
041 ## - LANGUAGE CODE
Language code of text/sound track or separate title eng
082 ## - DEWEY DECIMAL CLASSIFICATION NUMBER
Classification number 501
Edition number 23
Author mark and year KUS 1970
100 1# - MAIN ENTRY--PERSONAL NAME
Personal name Kuhn, Thomas S.
9 (RLIN) 131379
245 14 - TITLE STATEMENT
Title The structure of scientific revolutions /
Statement of responsibility, etc. Thomas S. Kuhn.
250 ## - EDITION STATEMENT
Edition statement 2nd ed., enl.
260 ## - PUBLICATION, DISTRIBUTION, ETC. (IMPRINT)
Place of publication, distribution, etc. Chicago ;
-- London :
Name of publisher, distributor, etc. University of Chicago Press,
Date of publication, distribution, etc. c1970.
300 ## - PHYSICAL DESCRIPTION
Pagination xii, 210 p. ;
Size 23 cm.
490 1# - SERIES STATEMENT
Series statement International encyclopedia of unified science. Foundations of the unity of science ;
Volume/sequential designation Vol. 2. No. 2.
500 ## - GENERAL NOTE
General note "The structure of scientific revolutions was originally published in 1962 as part of Foundations of the unity of science, which constituted volumes 1 and 2 of the International encyclopedia of unified science" - T.p. verso.
504 ## - BIBLIOGRAPHY, ETC. NOTE
Bibliography, etc Includes bibliographical references.
650 #0 - SUBJECT ADDED ENTRY--TOPICAL TERM
Topical term or geographic name as entry element Science
General subdivision History.
9 (RLIN) 204804
Topical term or geographic name as entry element Science
General subdivision Philosophy.
9 (RLIN) 204805
830 #0 - SERIES ADDED ENTRY--UNIFORM TITLE
Uniform title International encyclopedia of unified science.
Volume number/sequential designation Vol. 2. No. 2.
942 ## - ADDED ENTRY ELEMENTS (KOHA)
Source of classification or shelving scheme Dewey Decimal Classification
Koha item type Books
Holdings
Lost status Source of classification or shelving scheme Damaged status Not for loan Collection code Permanent Location Current Location Shelving location Date acquired Source of acquisition Cost, normal purchase price Total Checkouts Full call number Date last seen Copy number Koha item type
  Dewey Decimal Classification   Not For Loan Non-fiction Central Library, University of Rajshahi Central Library, University of Rajshahi Reading Room 02/06/1975 Janathan Wear & Sons Co., London 3.40   501 KUS 1970 10/04/2017 C-1 Books